000 00830nam a2200277Ia 4500
003 OSt
005 20220918171115.0
006 a|||||r|||| 00| 0
007 ta
008 220917b |||||||| |||| 00| 0 eng d
020 _a9781138853768 (hbk)
_cUKP 200.00
024 _a352,968
037 _bSBA/19, 03/02/2020, Shivam Book Service
_cTextual
040 _aARTS
_cARTS
_beng
041 _2eng
_aeng
082 _aP3, R0
100 _aSteever Sanford B. Ed.
_934124
245 0 _aDravidian languages
250 _a2nd
260 _aLondon
_bRoutledge UK
_c2020
300 _axxi,541p.
_ccm.
490 _aRoutledge language family series
650 _aDRAVIDIAN LANGUAGE
_934125
942 _hP3, R0
_cTEXL
_2CC
999 _c137883
_d137883